| 000 | 00580nam a2200229Ia 4500 | ||
|---|---|---|---|
| 008 | 180207s9999 xx 000 0 und d | ||
| 020 | _a9780545165778 | ||
| 050 | _bS377 2012 | ||
| 100 | _aSchrefer, Eliot | ||
| 245 | _aEndangered / | ||
| 245 | _cby Eliot Schrefer. | ||
| 260 | _aBroadway, New York | ||
| 260 | _bScholastic Inc., | ||
| 260 | _c2012 | ||
| 300 | _a264 pages : | ||
| 300 | _billustrations ; | ||
| 300 | _c20cm. | ||
| 500 | _aNational book award finalist. | ||
| 650 | _aYoung adult fiction. | ||
| 650 | _aYoung adult literature. | ||
| 700 | _aTitle. | ||
| 999 |
_c354997 _d354997 |
||